Paren la mano - Estadísticas

Estadísticas generales
  • Esta prueba ha sido intentada 26 veces
  • La puntuación promedio es 6 de 7
Estadísticas de respuestas
Hint Respuesta % Correcto
El streamer Luquitas Rodriguez
100%
Flequillo de bebé Alfredo Montes de Oca
96%
El intrépido Germán Beder
96%
Coreana Jazmin Badia
92%
3 bombas Rober Galati
92%
El holandés errante Joaquin Cavanna
88%
Caster Juan Castro
77%
No se encontraron pruebas coincidentes
Distribución de puntuación
Porcentaje de gente con cada puntuación
Porcentaje por número respondido
Historial de tus puntuaciones
No has intentado esta prueba.